000
00288nam a2200109Ia 4500
008
220204s9999 xx 000 0 und d
082
_a
614.7
_b
SIT
100
_a
Sittig, Marshall
245
0
_a
Pollution detection and monitoring handbook
260
_a
London
_b
Noyes Data
_c
1974
942
_c
BK
999
_c
30892
_d
30892